|
|
|
|
| LEADER |
00000cam a2200000 7i4500 |
| 001 |
0000002552 |
| 005 |
20040427.0 |
| 020 |
0 |
0 |
|a 9839119664
|
| 090 |
0 |
0 |
|a R 333.71409595
|b MAL 1998
|
| 110 |
1 |
0 |
|a MALAYSIA. Jabatan Alam Sekitar
|
| 245 |
1 |
0 |
|a Environmental impact assessment guidelines for forestry
|
| 260 |
0 |
0 |
|a Kuala Lumpur :
|b Jabatan Alam Sekitar ,
|c 1998
|
| 300 |
|
|
|a Various pagings ;
|c 30 cm.
|
| 650 |
0 |
0 |
|a Environmental impact analysis
|z Malaysia
|
| 650 |
0 |
0 |
|a Forests and forestry
|z Malaysia
|
| 998 |
|
|
|a JPSM
|
| 999 |
|
|
|a 0000004954
|b Monograph
|c Open Shelf
|e Default branch
|
| 999 |
|
|
|a 0000004955
|b Monograph
|c Open Shelf
|e Default branch
|
| 999 |
|
|
|a 0000004956
|b Monograph
|c Reference
|e Default branch
|